• 首页
  • 本馆介绍
  • 公告通知
  • 最新文献
  • 馆藏检索
  • 电子资源
  • 读者导购
  • 参考咨询
  • 我的图书馆
  • 登录
  • 详细信息显示
  • 放入我的书架
  • 预约/预借图书
  • 作者相关作品
  • 分类相关作品
  • 丛书相关作品
  • 出版社相关作品

书目信息

  • 表格格式
  • 工作单格式
  • 卡片格式
题名:
幼儿园科技活动方案设计指南
    
 
作者: 龚平 主编
分册:  
出版信息: 上海   上海科技教育出版社  2003
页数: 225页
开本: 24cm
丛书名: 指南针科技活动资源丛书
单 册:
中图分类: G613.3
科图分类:
主题词: 科学技术 , 活动课程 , 科学技术--活动课程--课程设计--幼儿园
电子资源:
ISBN: 7-5428-3078-3
000 01007oam2 2200277 450
001 002585273
005 20061112084544.96
010    @a7-5428-3078-3@dCNY26.00
100    @a20040210d2003 em y0chiy0110 ea
101 0  @achi
102    @aCN@b310000
105    @ay z 000yy
200 1  @a幼儿园科技活动方案设计指南@9you er yuan ke ji huo dong fang an she ji zhi nan@f龚平主编
210    @a上海@c上海科技教育出版社@d2003
215    @a225页@d24cm
225 2  @a指南针科技活动资源丛书
300    @a科技部《2001~2005年中国青少年科学技术普及活动指导纲要》实施项目课题成果之一
330    @a该书内容包括科技活动与科技活动方案设计、幼儿科技活动概述、探究类活动方案的设计、设计与制作方案的设计、综合活动方案的设计以及优秀方案示例六章。
461  0 @12001 @a指南针科技活动资源丛书
606 0  @a科学技术
606 0  @a活动课程
606 0  @a科学技术@x活动课程@x课程设计@x幼儿园
690    @aG613.3@v4
701  0 @a龚平@9gong ping@c(教育)@4主编
801  0 @aCN@bNLC@c20061112
905    @a10447@dG613.3@e108
    
    幼儿园科技活动方案设计指南/龚平主编.-上海:上海科技教育出版社,2003
    225页;24cm.-(指南针科技活动资源丛书)
    科技部《2001~2005年中国青少年科学技术普及活动指导纲要》实施项目课题成果之一
    
    ISBN 7-5428-3078-3:CNY26.00
    该书内容包括科技活动与科技活动方案设计、幼儿科技活动概述、探究类活动方案的设计、设计与制作方案的设计、综合活动方案的设计以及优秀方案示例六章。
●
相关链接 在E读中查询图书 在五车中查询图书 在当当中查询图书 在豆瓣中查询图书


正题名:幼儿园科技活动方案设计指南     索取号:G613.3/108         预约/预借

序号 登录号 条形码 馆藏地/架位号 状态 备注
1 0384050   203840503   第一样本阅览室/ [索取号:G613.3/108] 在馆    
2 0384051   203840512   教育系资料室/ [索取号:G613.3/108] 在馆    
3 0384052   203840521   第四借阅区/ [索取号:G613.3/108] 在馆    
4 0384053   203840530   第四借阅区/ [索取号:G613.3/108] 在馆    
5 0384054   203840549   教育系资料室/ [索取号:G613.3/108] 在馆    
唐山师范学院图书馆 欢迎您!
大连网信软件有限公司© 版权所有